000 00484nam a22001457a 4500
999 _c122365
_d122365
005 20210526110831.0
008 210526b ||||| |||| 00| 0 eng d
040 _cPK-LaUMT
082 _aRHC 320.5595491
_bSAL-T
100 _aSaleem, Muhammad = سلیم، محمد
245 _aTareekh nazriah Pakistan = تاریخ نظریہ پاکستان/
_cby Muhammad Saleem = از محمد سلیم
260 _aLahore :
_bIdarah Taleemi Tahqeeq,
_c1985
300 _a287 p.
942 _cBK